| 000 | 00500nam a2200145 a 4500 | ||
|---|---|---|---|
| 001 | 000031591 | ||
| 005 | 20200930063034.0 | ||
| 008 | 110628s1939 dr 000 0 spa d | ||
| 040 |
_aDO-SdBNP _bspa _cBNPHU |
||
| 245 | 0 | 0 | _aCentenario de Luperon, ofrenda del Listin a la primera espada de la restauración. |
| 260 |
_aCiudad Trujillo, República Dominicana : _bAcademia de la Historia, _c1939. |
||
| 300 |
_a14 p. ; _c22 cm. |
||
| 500 | _aDiscurso pronunciado por Lic. Arturo Logroño | ||
| 049 | _aBNPD | ||
| 999 |
_c31083 _d31083 |
||